Ancient Roman gardens /

محفوظ في:

مؤلفون مشاركون: Dumbarton Oaks Colloquium on the History of Landscape Architecture, Dumbarton Oaks.

مؤلفون آخرون: MacDougall, Elisabeth B., Jashemski, Wilhelmina F. 1910-2007.

التنسيق: وقائع المؤتمر كتاب

اللغة: English

منشور في: Washington, D.C. : Dumbarton Oaks Trustees for Harvard University, 1981.

الموضوعات:

الوسوم: إضافة وسم

لا توجد وسوم, كن أول من يضع وسما على هذه التسجيلة!

رقم الطلب: SB458.55 .D88 1979

LEADER 01112nam a22002897a 4500
003 OSt
005 20251124121013.0
008 251124t1981 dcuaf b 10010 eng d
020 |a 0884021009 
040 |c ARCE Library 
050 1 4 |a SB458.55  |b .D88 1979 
111 2 |a Dumbarton Oaks Colloquium on the History of Landscape Architecture   |n (7th :   |d 1979) 
245 1 0 |a Ancient Roman gardens /   |c [edited by Elisabeth B. MacDougall and Wilhelmina F. Jashemski]. 
264 1 |a Washington, D.C. :   |b Dumbarton Oaks Trustees for Harvard University,   |c 1981. 
300 |a 108 p., 96 p. of plates :   |b ill. ;   |c 27 cm. 
504 |a Includes bibliographical references. 
546 |a English or French. 
650 0 |a Gardens, Roman -- History -- Congresses. 
650 0 |a Rome -- Antiquities -- Congresses. 
650 0 |a Sculpture, Roman -- History -- Congresses. 
651 0 |a Rome -- Antiquities -- Congresses. 
700 1 |a MacDougall, Elisabeth B. 
700 1 |a Jashemski, Wilhelmina F.   |q (Wilhelmina Feemster),   |d 1910-2007. 
710 2 |a Dumbarton Oaks. 
901 |a reviewed 
942 |2 lcc  |c BK 
999 |c 49276  |d 49276